| 000 | 00449nam a2200181Ia 4500 | ||
|---|---|---|---|
| 001 | 12138 | ||
| 003 | IN-NITTTR | ||
| 005 | 20251114233113.0 | ||
| 008 | 251113s9999||||xx |||||||||||||| ||eng|| | ||
| 040 | _beng | ||
| 040 | _cIN-NITTTR | ||
| 041 | _aeng | ||
| 082 | _a301.35 B623P | ||
| 100 | _aBliss, C. J. | ||
| 245 | 0 |
_aPalanpur : _b the economy of an Indian village / _cBliss, C. J., Stern, N. H. |
|
| 700 | _a Stern, N. H. | ||
| 942 |
_2ddc _cBK |
||
| 999 |
_c14774 _d14774 |
||